The Orville Episodes - Statistics

General Stats
  • This quiz has been taken 8 times
    7 since last reset
  • The average score is 7 of 26
Answer Stats
Season Episode Answer % Correct
2 8 Identity
67%
2 1 Ja'loja
67%
1 1 Old Wounds
67%
1 3 About a Girl
50%
1 6 Krill
50%
1 12 Mad Idolatry
50%
1 5 Pria
50%
2 2 Primal Urges
50%
2 3 Home
33%
2 9 Identity Part 2
33%
2 4 Nothing Left on Earth Excepting Fishes
33%
2 6 A Happy Refrain
17%
1 9 Cupid's Dagger
17%
2 7 Deflectors
17%
1 10 Firestorm
17%
1 4 If the Stars Should Appear
17%
1 8 Into the Fold
17%
1 7 Majority Rule
17%
1 11 New Dimensions
17%
2 14 Road Not Taken
17%
2 12 Sanctuary
17%
2 5 All the World is a Birthday Cake
0%
2 10 Blood of the Patriots
0%
1 2 Command Performances
0%
2 11 Lasting Impressions
0%
2 13 Tomorrow, and Tomorrow, and Tomorrow
0%
No matching quizzes found
Score Distribution
Percent of People with Each Score
Percentile by Number Answered
Your Score History
You have not taken this quiz since the last reset